Investment : (Record no. 18045)
[ view plain ]
| 000 -LEADER | |
|---|---|
| fixed length control field | 00863 am a2200289ua 4500 |
| 001 - CONTROL NUMBER | |
| control field | 007401284 |
| 005 - DATE AND TIME OF LATEST TRANSACTION | |
| control field | 20140302115025.0 |
| 008 - FIXED-LENGTH DATA ELEMENTS--GENERAL INFORMATION | |
| fixed length control field | 870923s1987 xxkad gr 001 0 eng d |
| 020 ## - INTERNATIONAL STANDARD BOOK NUMBER | |
| International Standard Book Number | 0712109730 (pbk) |
| 020 ## - INTERNATIONAL STANDARD BOOK NUMBER | |
| International Standard Book Number | 9780712109734 |
| 040 ## - CATALOGING SOURCE | |
| Original cataloging agency | Uk |
| Transcribing agency | Uk |
| 043 ## - GEOGRAPHIC AREA CODE | |
| Geographic area code | e-uk--- |
| 082 04 - DEWEY DECIMAL CLASSIFICATION NUMBER | |
| Classification number | 332.60941 |
| Edition number | 22 |
| Item number | KER |
| 100 1# - MAIN ENTRY--PERSONAL NAME | |
| Personal name | Kerridge, David |
| 9 (RLIN) | 35110 |
| 245 10 - TITLE STATEMENT | |
| Title | Investment : |
| Remainder of title | a practical approach / |
| Statement of responsibility, etc | David Kerridge. |
| 250 ## - EDITION STATEMENT | |
| Edition statement | 1st ed. |
| 260 ## - PUBLICATION, DISTRIBUTION, ETC. (IMPRINT) | |
| Place of publication, distribution, etc | London : |
| Name of publisher, distributor, etc | Pitman, |
| Date of publication, distribution, etc | 1987. |
| 300 ## - PHYSICAL DESCRIPTION | |
| Extent | x, 307 p. : |
| Other physical details | chart, tables ; |
| Dimensions | 18 cm. |
| 490 1# - Series Statement | |
| Series statement | The M & E handbook series, |
| International Standard Serial Number | 0265-8828 |
| 500 ## - GENERAL NOTE | |
| General note | Index : p. 301-307. |
| 500 ## - GENERAL NOTE | |
| General note | Includes appendix. |
| 650 #0 - SUBJECT ADDED ENTRY--TOPICAL TERM | |
| Topical term or geographic name as entry element | Investments |
| Geographic subdivision | Great Britain |
| 9 (RLIN) | 35111 |
| 653 ## - INDEX TERM--UNCONTROLLED | |
| Resource For college | BAEPS, Economics |
| Arrived date list | February2014 |
| 655 ## - INDEX TERM--GENRE/FORM | |
| Form subdivision | |
| -- | 34232 |
| 830 #4 - SERIES ADDED ENTRY--UNIFORM TITLE | |
| Uniform title | The M & E handbook series |
| 9 (RLIN) | 35112 |
| 942 ## - ADDED ENTRY ELEMENTS (KOHA) | |
| Source of classification or shelving scheme | Dewey Decimal Classification |
| Call number prefix | 332.60941 KER |
| Withdrawn status | Item status | Source of classification or shelving scheme | Damaged status | Not for loan | Vendor | Home library | Current library | Shelving location | Date acquired | Source of acquisition | Total Checkouts | Full call number | Barcode | Date last seen | Koha item type |
|---|---|---|---|---|---|---|---|---|---|---|---|---|---|---|---|
| Dewey Decimal Classification | Donation-Gift | Central Library | Central Library | First floor | 06/02/2014 | Donation | 332.60941 KER | 000035599 | 15/07/2025 | Book - Borrowing |